Fastest TDS Enemies - Statistics

General Stats
  • This quiz has been taken 7 times
    6 since last reset
  • The average score is 19 of 29
Answer Stats
Speed Answer % Correct
8 Bolt
100%
8 Circuit (Legacy)
100%
7 Fallen
100%
10 Fallen Rusher
100%
15 Fallen Rusher (Legacy)
100%
7 Molten Mech
100%
6.5 Quick
100%
6 Tank
100%
10 Error
75%
6 Fallen Tank
75%
12 Glitch
75%
8 Hazard
75%
7 Molten Hound
75%
10 Rusher
75%
8 Shock
75%
6 Speedy King
75%
6 Toxic
75%
6 Abomination
50%
7 Knight
50%
7 Possessed Armor (Armorless)
50%
7.5 Wasterunner
50%
7.5 Corrupted Fallen
25%
6 Fallen Seraph
25%
6 Husk
25%
6 Shadow Boss
25%
10 Sock Puppet
25%
7 Soul
25%
7.5 Withered
25%
7.5 Enraged
0%
No matching quizzes found
Score Distribution
Percent of People with Each Score
Percentile by Number Answered
Your Score History
You have not taken this quiz since the last reset